| 000 | 01551nam a2200397 c 4500 | ||
|---|---|---|---|
| 999 |
_c205986 _d205986 |
||
| 003 | BLK | ||
| 005 | 20250712120502.0 | ||
| 008 | 180411b bul|||||r ||||||| ||bul|| | ||
| 010 | _aKNG00215718000 | ||
| 020 | _a9786191863167 | ||
| 040 | _aBLK | ||
| 041 |
_aBUL _cBUL |
||
| 072 | 7 |
_2bullib _aН85 _xДетска художествена литература Н |
|
| 080 |
_aАнглийска литература _b821.111 _x-93-1 _z821.111-93-1 |
||
| 100 | 1 |
_aДоналдсън, Джулия _eпърви автор _9386662 |
|
| 139 |
_aДоналдсън, Джулия _bД 77 |
||
| 245 | 1 | 0 |
_aПатилата на метлата _cДжулия Доналдсън; ил. Аксел Шефлър; прев. в стихове Мария Донева. |
| 257 | _aGBR | ||
| 260 |
_bЖанет 45 _c2017 _fотпеч. в Китай _aПловдив |
||
| 300 |
_a26 с. _bс цв. ил. _c26Х29 см |
||
| 380 | _aDX | ||
| 500 | _aОриг. загл. Room of the Broom / Julia Donaldson. | ||
| 653 | _aприказки | ||
| 653 | _aлитература за деца | ||
| 653 | _aдетска литература | ||
| 659 | _aН | ||
| 700 | 1 |
_aШефлър, Аксел _eил. _9143299 |
|
| 700 |
_aДонева, Мария Вичева _eпрев. от англ. _9276983 |
||
| 852 | _aЦб 289034 | ||
| 856 | 4 | _qpdf | |
| 856 | 4 | _qpdf | |
| 942 |
_cKNG _n0 _0187 _s1 |
||
| 944 |
_aCR _c28.01.2018 _lСевдалина Тодорова _k30540 |
||
| 944 |
_aED _c04.03.2018 _lф / _kВиолета_Тройчева |
||
| 999 | _d205986 | ||